Quizzes
Events
Quiz Creation
Community
Videos
Private Events
Remove Ads
Sign In
Join for FREE
Feedback
Dark Mode
Quiz Categories
Sports
Geography
Music
Movies
Television
Just For Fun
Miscellaneous
History
Literature
Language
Science
Gaming
Entertainment
Religion
Holiday
For Kids
Quiz Lab
Recent
Popular Today
Quiz Kudos Today
Editor Picks
Curator Picks
Quizzes by...
Day
Popularity
Type
Ratings
Length
Year
Community
Subscriptions
Recent Discussions
Orange Saloon
Badges
Playlists
Quests
Create
Leaderboards
Showdown
Live 5
Trivia Bingo
Activity
Puzzle Library
Sporcle Events
Private Events
Virtual Trivia
Globe League
Become a Host
Pub Owners
SporcleCon
Opinionation
Our Games
Videos
Blog
Mobile Apps
Partnerships
Remove Ads and Go Orange
Feedback
Religion
Mythology
Religious Music
World Religions
Bible
Christianity
Catholicism
Judaism
Church
Scripture
Islam
Verse
Religion
Mythology
Religious Music
World Religions
Bible
Christianity
Catholicism
Judaism
Church
Scripture
Islam
Verse
Random Quiz
Search Sporcle
×
Quiz Lab
Quiz Lab
Religion
Country
Type in answers that appear in a list
Type in answers that appear in a list
Classic
Best Score? Go Orange.
Majority Protestant Countries Stats
Can you name the Majority Protestant Countries?
By
ADR1
4m
23 Questions
684 Plays
684 Plays
684 Plays
Comments
Comments
Give Quiz Kudos
Give Quiz Kudos
-
- Ratings
hide this ad
More Info
Random Order
Randomize order of answers
Randomize order of answers
Replay
Link that replays current quiz
Next Quiz
Link to next quiz in quiz playlist
You Got
0%
They Got
Avg Score
60%
Avg Friend Score
Upgrade to see
Score Distribution
Jump to the score distribution portion of the page
Score
0/23
Timer
04:00
0
Plays Today
Region
Country
% Correct
North America
United States of America
86.8%
Europe
Sweden
85.2%
Europe
Norway
84.5%
Oceania
New Zealand
82%
Europe
Denmark
80.8%
Europe
Finland
80.7%
Africa
South Africa
75%
Caribbean
Jamaica
74%
Europe
Iceland
63.7%
Caribbean
Bahamas
60.2%
Caribbean
Barbados
59.1%
Europe
United Kingdom
57.3%
Region
Country
% Correct
Oceania
Tonga
51.8%
Caribbean
Saint Kitts and Nevis
51.3%
Oceania
Tuvalu
50.9%
Oceania
Samoa
50.1%
Caribbean
Antigua and Barbuda
48%
Caribbean
Saint Vincent and the Grenadines
47.4%
Oceania
Nauru
47.4%
Oceania
Vanuatu
45.6%
Oceania
Solomon Islands
43.3%
Africa
Namibia
40.8%
Africa
Swaziland
29.7%
Quiz Playlist
Details
Report
Send in Message
Add To Playlist
More Info:
All countries listed are 50% or greater Protestant
Classic:
Type in answers that appear in a list
Random Order:
Randomize order of answers
Quiz Source
Last Updated: Feb 16, 2017
Quiz Scoreboard
CHALLENGE
Sign Up to Join the Scoreboard
Show All
Scores
Hide
Comments
May contain spoilers
Recently Published
NBA Finals Game Top Scorers (2010s)
by flibbidy
Sports
5m
Guess the 'R' Things in 3 Words
by MSUKent
Miscellaneous
3m
Actor to Badly Drawn Movie III
by MoMosMoProblems
Movies
5m
More to Explore
Quiz From the Vault
Featured Blog Post
Where Does Lost Luggage Go?
hide this ad
You Might Also Like...
Tags
Country Quiz
major
protestant
region
Today's Top Quizzes in Religion
Browse Religion
hide this ad
Today's Top Quizzes in Country
Browse Country
Top Contributed Quizzes in Religion
1
Is dougdoug?
2
Bible Books Spelling Bee
3
4-to-1 Blitz: The Bible
4
Quick Pick: Bible Books
5
Ramadan Roundup
6
Greek Mythology 7-to-1
7
Order Up: Labors of Hercules
8
Complete the Bible Duos
9
Bible Figures by Group
10
Order Up: Plagues of Egypt
Explore More
Trending Topics
Anime
Crossword
NBA
Marvel
Kpop
Harry Potter
Disney
Pokémon
NFL
The Office
Song
WWE
Soccer
Puzzle
Country
hide this ad
More By:
ADR1
Quiz
Plays
Rating
Category
Featured
Created
Greek Mythology Family Tree
18,267
4.08
Religion
Feb 20, 2010
Country Quiz: Serbia
932
2.80
Geography
Apr 30, 2010
Majority Protestant Countries
684
2.64
Religion
Mar 28, 2010
2010 World Cup Teams By Jersey
376
3.11
Sports
May 12, 2010
Famous Unsigned MLB Draft Picks
228
3.67
Sports
Jul 25, 2010
Go to Creator's Profile
Score Distribution
Quiz Creator Spotlight
ADR1
Follow
Send a Message
Quizzes Created
-
Created Quiz Play Count
-
More By This Creator
Popular Quizzes Today
1
Find the US States - No Outlines Minefield
2
Find the US States
3
The Countries of the World
4
10 Largest US States in Order
5
Find the Countries of Europe - No Outlines Minefield
6
US States
7
Guess the 'R' Things in 3 Words
8
NBA Finals Game Top Scorers (2010s)
More Religion Quizzes
Magi Gifts Consonants
Published
Trending Quizzes
First Name TV: Leading Men
Match the Book to the Film II
First Name TV: Leading Women Drama
Match the Book to the Film VI
Pick A Pair: Religious TV
Recently Updated
Women's Final Four Teams by Year
bhenderson79
Presidents Quartet II
eogle
Anything But Clue(do)
eogle
Anything But Oceanian Capitals
eogle
Anything But 7
eogle
Anything But Thing
eogle
Word Ladder: February 29
pecheneg
Song Title Questions
pecheneg
Women's NCAA Tournament #1 Seeds
pecheneg
Celebrity Mug Shots
pecheneg
Trending Topics
Disney
Crossword
Marvel
NBA
Kpop
Anime
Harry Potter
Puzzle
Soccer
Pokémon
Song
WWE
NFL
The Office
Country
Your Account Isn't Verified!
In order to create a playlist on Sporcle, you need to verify the email address you used during registration. Go to your
Sporcle Settings
to finish the process.
Report this User
Report this user for behavior that violates our
Community Guidelines
.
Details:
Send Report
Go to the Sporcle.com Mobile Site →
Comments